Los derechos fundamentales de la persona humana / (Record no. 170129)

MARC details
000 -LEADER
campo de control de longitud fija 00785nam a22002055i 4500
001 - NÚMERO DE CONTROL
campo de control 170129
003 - IDENTIFICADOR DE NÚMERO DE CONTROL
campo de control ES-MaACL
005 - FECHA Y HORA DE LA ÚLTIMA TRANSACCIÓN
campo de control 20250814234932.0
008 - DATOS DE LONGITUD FIJA--INFORMACIÓN GENERAL
campo de control de longitud fija 090204s1988 cl |||| | spa d
080 ## - NÚMERO DE LA CLASIFICACIÓN DECIMAL UNIVERSAL
Número de la Clasificación Decimal Universal 342.7(100)
100 0# - ENTRADA PRINCIPAL--NOMBRE DE PERSONA
Nombre de persona Pacheco Gómez, Máximo.
9 (RLIN) 88133
245 14 - MENCIÓN DEL TÍTULO
Título Los derechos fundamentales de la persona humana /
Mención de responsabilidad, etc. Máximo Pacheco Gómez ; discurso de recepción del académico Eugenio Velasco Letelier.
260 ## - PUBLICACIÓN, DISTRIBUCIÓN, ETC.
Lugar de publicación, distribución, etc. Santiago de Chile :
Nombre del editor, distribuidor, etc. Editorial Universitaria,
Fecha de publicación, distribución, etc. [1988?]
300 ## - DESCRIPCIÓN FÍSICA
Extensión 36 p. ;
Dimensiones 27 cm.
650 17 - PUNTO DE ACCESO ADICIONAL DE MATERIA--TÉRMINO DE MATERIA
Término de materia o nombre geográfico como elemento de entrada Derechos humanos
Fuente del encabezamiento o término embne
9 (RLIN) 11770
700 1# - ENTRADA AGREGADA--NOMBRE PERSONAL
Nombre de persona Velasco Letelier, Eugenio.
9 (RLIN) 139346
710 2# - ENTRADA AGREGADA--NOMBRE DE ENTIDAD CORPORATIVA
Nombre de entidad corporativa o nombre de jurisdicción como elemento de entrada Academia Chilena de Ciencias Sociales, Políticas y Morales
9 (RLIN) 1153
852 ## - LOCALIZACIÓN
Ubicación ES-MaACL
Número de control de estantería 2240-F-20
itemnumber R.115533
Holdings
Estatus retirado Estado de pérdida Estado de daño No para préstamo Colección Biblioteca de origen Biblioteca actual Ubicación en estantería Fecha de adquisición Fuente de adquisición Total de préstamos Signatura topográfica completa Código de barras Visto por última vez Precio de reemplazo Tipo de ítem Koha
        Colección de folletos Biblioteca del Ateneo de Madrid Biblioteca del Ateneo de Madrid Depósito folletos 04/02/2009     2240-F-20 1178613 23/02/2023 23/02/2023 Folleto